Desktop Publishing Vocabulary Terms Quiz Stats

 Plays Quiz not verified by Sporcle

Challenge
Share
Tweet
Embed
Score 0/27 Timer 12:00
0 Plays Today
Definition DTP Term % Correct
Illustrations and photographs used to convey meaning and add appealArt
53.3%
A print effect in which layout, type, or pictures appear to run off the edge of a pageBleed
52.2%
Lines that indicate the space between the edge of the page and the document contentsMargin guide
48.9%
Lines around articles or graphics used to direct the flow of a publication and organize its contentRule
48.9%
Container for text that can be placed and formatted randomlyTextbox
43.3%
Circle or bubble enclosing copy in an illustration; often used in cartoonsBalloon
42.2%
A semitransparent image in the background of printed material; may be text or objectWatermark
42.2%
DTP tool used to ensure consistent placement of logos, graphics, and other objects throughout multiple documents, such as a print media kit.Grid
40%
An enlarged character at the beginning of a paragraph; used to grab the reader’s attentionDrop cap
40%
Line at the end of a continuing article that tells readers which page to refer to for the rest of the articleJumpline
38.9%
A standard pre-formatted layout which may contain a color scheme, font scheme, pictures, and preset marginsTemplate
37.8%
Also called a call-out, label used to identify parts of an illustration; can be in the form of a text box or a balloonCaption
37.8%
Includes items and formats common to every page; used to maintain layout consistencyMaster Page
35.6%
A small section of text “pulled out and quoted” in a larger font size; used to draw attentionPull quote
34.4%
Definition DTP Term % Correct
Lines that control the flow of text within columns and keep text out of the gutter (space between columns)Column guide
33.3%
List of contents of a publicationTable of contents
33.3%
Placed between a headline and an article to provide a segue between the headline and the body of the articleDeck
31.1%
Words positioned above a headline, usually as a lead-in or teaserKicker
30%
An example of how the final document should appear (also called mockup) Prototype
28.9%
A smaller self-contained story inside a larger one which may or may not be related, usually boxed with its own headline and set off from the main textSidebar
28.9%
Dark background and light text; used for emphasisReverse text
27.8%
Name of author or contributor of photo or article, usually placed just below the headline or photo or at the end of the articleByline
27.8%
Used to align objectsRuler guide
26.7%
Running text at the top and/or bottom of a documentRunning headers
26.7%
Contains name publisher and includes staff names and other related information; usually appears on page 2 of the documentMasthead
24.4%
A symbol, such as a wingding, that indicates the end of an articleEnd sign
23.3%
Banner on the front of a document that identifies the publication and usually includes the name of the publication, a logo, and a mottoNameplate
18.9%

You're not logged in!

Compare scores with friends on all Sporcle quizzes.
OR
Log In

You Might Also Like...

Show Comments

Extras

Top Quizzes Today


Score Distribution

Your Account Isn't Verified!

In order to create a playlist on Sporcle, you need to verify the email address you used during registration. Go to your Sporcle Settings to finish the process.

Report this User

Report this user for behavior that violates our Community Guidelines.

Details: